000 00380 a2200169 4500
001 69860
020 _a9788570566898
040 _cAnchieta - Itaigara
100 _aLadeira, Julieta de Godoy
240 1 0 _aDe olho nos sinais
_lpor
245 1 0 _aDe olho nos sinais
300 _a48
362 0 _a1995
440 1 _aAtual
650 4 _aLiteratura infanto-juvenil
942 _cBK
999 _c69860
_d69860